• 首页
  • 本馆介绍
  • 公告通知
  • 最新文献
  • 馆藏检索
  • 电子资源
  • 读者导购
  • 参考咨询
  • 我的图书馆
  • 登录
  • 详细信息显示
  • 放入我的书架
  • 预约/预借图书
  • 作者相关作品
  • 分类相关作品
  • 丛书相关作品
  • 出版社相关作品

书目信息

  • 表格格式
  • 工作单格式
  • 卡片格式
题名:
苗族民间故事选
    
 
作者: 燕宝 编
分册:  
出版信息: 上海   上海文艺出版社  1981
页数: 490页
开本: 19cm
丛书名: 少数民族民间文学丛书
单 册:
中图分类: I277.3 , I211.2
科图分类:
主题词: 民间故事-苗族--中国--现代--选集 , 苗族-民间故事--中国--现代--选集 , 文学--作品集--中国
电子资源:
ISBN:
000 00778nam2 2200277 45
001 1570595077
005 20150128083223.78
010    @dCNY1.25
091    @aCN@b10078.3237
100    @a19950602d1981 em y0chiy0121 ea
101 0  @achi
102    @aCN@b310000
105    @af z 000fy
200 10 @a苗族民间故事选@Amiao zu min jian gu shi xuan@f燕宝编
210    @a上海@c上海文艺出版社@d1981
215    @a490页@c插图@d19cm
225 2  @a少数民族民间文学丛书
410  0 @120010@a少数民族民间文学丛书
606    @a民间故事-苗族@y中国@z现代@x选集
606    @a苗族-民间故事@y中国@z现代@x选集
606 0  @a文学@x作品集@x中国
690    @aI277.3@v3
690    @aI211.2@v4
701  0 @a燕宝@Ayan bao@4编
801  0 @aCN@bTSSF@c20150128
905    @aZUCC@dI211.2@eJY56
    
    苗族民间故事选/燕宝编.-上海:上海文艺出版社,1981
    490页:插图;19cm.-(少数民族民间文学丛书)
    
    
    ISBN :CNY1.25
    
●
相关链接 在E读中查询图书 在五车中查询图书 在当当中查询图书 在豆瓣中查询图书


正题名:苗族民间故事选     索取号:I211.2/JY56         预约/预借

序号 登录号 条形码 馆藏地/架位号 状态 备注
1 7843469   278434696   学院路分馆/ [索取号:I211.2/JY56] 在馆    
唐山师范学院图书馆 欢迎您!
大连网信软件有限公司© 版权所有